<?xml version="1.0" encoding="UTF-8"?>
<record
    xmlns:xsi="http://www.w3.org/2001/XMLSchema-instance"
    xsi:schemaLocation="http://www.loc.gov/MARC21/slim http://www.loc.gov/standards/marcxml/schema/MARC21slim.xsd"
    xmlns="http://www.loc.gov/MARC21/slim">

  <leader>00969nam a22002537a 4500</leader>
  <controlfield tag="003">SEM</controlfield>
  <controlfield tag="005">20220608073649.0</controlfield>
  <controlfield tag="008">170425b        xxu||||| |||| 00| 0 fin</controlfield>
  <datafield tag="020" ind1=" " ind2=" ">
    <subfield code="a">9789519396255</subfield>
  </datafield>
  <datafield tag="040" ind1=" " ind2=" ">
    <subfield code="a">&#x54D;&#x537;&#x544;</subfield>
    <subfield code="c">&#x54D;&#x537;&#x544;</subfield>
  </datafield>
  <datafield tag="041" ind1="0" ind2=" ">
    <subfield code="a">fin.</subfield>
  </datafield>
  <datafield tag="245" ind1="0" ind2="0">
    <subfield code="a">Kaaoksesta kokoelmaksi sodan ja evakuoinnin seurauksena syntynyt  suomen ortodoksinen kirkkomuseo. / </subfield>
    <subfield code="c">Kirjo.: T. Leskinen and oth.; K&#xE4;&#xE4;n.: M. Hicks and oth.</subfield>
  </datafield>
  <datafield tag="246" ind1="1" ind2="1">
    <subfield code="a">From Chaos to a Collection.</subfield>
    <subfield code="b">The Orthodox Church Museum of finland, born out of the war and the evacuation.</subfield>
  </datafield>
  <datafield tag="260" ind1=" " ind2=" ">
    <subfield code="a">Finland:</subfield>
    <subfield code="b">Gummerus Kirjapaino Oy,</subfield>
    <subfield code="c">2008.</subfield>
  </datafield>
  <datafield tag="300" ind1=" " ind2=" ">
    <subfield code="a">91 p.;</subfield>
    <subfield code="b">ill.;</subfield>
    <subfield code="c">29 cm.</subfield>
  </datafield>
  <datafield tag="650" ind1=" " ind2=" ">
    <subfield code="a">Museums</subfield>
    <subfield code="v">album</subfield>
    <subfield code="x">Orthodox church</subfield>
  </datafield>
  <datafield tag="700" ind1="1" ind2=" ">
    <subfield code="a">Leskinen Tersa</subfield>
    <subfield code="4">kirjo.</subfield>
    <subfield code="e">aut.</subfield>
  </datafield>
  <datafield tag="700" ind1="1" ind2=" ">
    <subfield code="a">Jaakola Minna</subfield>
    <subfield code="4">kirjo.</subfield>
    <subfield code="e">aut.</subfield>
  </datafield>
  <datafield tag="700" ind1="1" ind2=" ">
    <subfield code="a">Sturm P&#xE4;ivi</subfield>
    <subfield code="4">kirjo.</subfield>
    <subfield code="e">aut.</subfield>
  </datafield>
  <datafield tag="700" ind1="1" ind2=" ">
    <subfield code="a">Hicks Malcolm</subfield>
    <subfield code="4">k&#xE4;&#xE4;n.</subfield>
    <subfield code="e">trl.</subfield>
  </datafield>
  <datafield tag="700" ind1=" " ind2=" ">
    <subfield code="a">Wendland Lothar</subfield>
    <subfield code="4">k&#xE4;&#xE4;n.</subfield>
    <subfield code="e">trl.</subfield>
  </datafield>
  <datafield tag="700" ind1=" " ind2=" ">
    <subfield code="a">Kurrika Artur</subfield>
    <subfield code="4">k&#xE4;&#xE4;n.</subfield>
    <subfield code="e">trl.</subfield>
  </datafield>
  <datafield tag="942" ind1=" " ind2=" ">
    <subfield code="2">udc</subfield>
    <subfield code="c">BK</subfield>
  </datafield>
  <datafield tag="999" ind1=" " ind2=" ">
    <subfield code="c">66356</subfield>
    <subfield code="d">66356</subfield>
  </datafield>
  <datafield tag="952" ind1=" " ind2=" ">
    <subfield code="0">0</subfield>
    <subfield code="1">0</subfield>
    <subfield code="2">udc</subfield>
    <subfield code="4">0</subfield>
    <subfield code="7">0</subfield>
    <subfield code="8">&#x533;&#x580;&#x561;&#x57A;&#x561;&#x570;&#x578;&#x581;</subfield>
    <subfield code="a">SEM</subfield>
    <subfield code="b">SEM</subfield>
    <subfield code="d">2017-04-25</subfield>
    <subfield code="g">3500.00</subfield>
    <subfield code="i">Fin-7</subfield>
    <subfield code="l">0</subfield>
    <subfield code="o">069:281.9(084.1)/K-69</subfield>
    <subfield code="p">Fin-7</subfield>
    <subfield code="r">2017-04-25</subfield>
    <subfield code="w">2022-06-08</subfield>
    <subfield code="y">BK</subfield>
    <subfield code="z">&#x54D;&#x57A;&#x561;&#x57D;&#x561;&#x580;&#x56F;&#x57E;&#x578;&#x582;&#x574; &#x567; &#x568;&#x576;&#x569;&#x565;&#x580;&#x581;&#x561;&#x57D;&#x580;&#x561;&#x570;</subfield>
  </datafield>
  <datafield tag="952" ind1=" " ind2=" ">
    <subfield code="0">0</subfield>
    <subfield code="1">0</subfield>
    <subfield code="2">udc</subfield>
    <subfield code="4">0</subfield>
    <subfield code="7">0</subfield>
    <subfield code="8">&#x533;&#x580;&#x561;&#x57A;&#x561;&#x570;&#x578;&#x581;</subfield>
    <subfield code="a">SEM</subfield>
    <subfield code="b">SEM</subfield>
    <subfield code="d">2017-04-25</subfield>
    <subfield code="g">7000.00</subfield>
    <subfield code="i">Fin-12</subfield>
    <subfield code="l">0</subfield>
    <subfield code="o">069:281.9(084.1)/K-69</subfield>
    <subfield code="p">Fin-12</subfield>
    <subfield code="r">2017-04-25</subfield>
    <subfield code="w">2022-06-08</subfield>
    <subfield code="y">BK</subfield>
    <subfield code="z">&#x54D;&#x57A;&#x561;&#x57D;&#x561;&#x580;&#x56F;&#x57E;&#x578;&#x582;&#x574; &#x567; 30 &#x585;&#x580;</subfield>
  </datafield>
  <datafield tag="952" ind1=" " ind2=" ">
    <subfield code="0">0</subfield>
    <subfield code="1">0</subfield>
    <subfield code="2">udc</subfield>
    <subfield code="4">0</subfield>
    <subfield code="7">0</subfield>
    <subfield code="8">&#x533;&#x580;&#x561;&#x57A;&#x561;&#x570;&#x578;&#x581;</subfield>
    <subfield code="a">SEM</subfield>
    <subfield code="b">SEM</subfield>
    <subfield code="d">2017-04-25</subfield>
    <subfield code="g">7000.00</subfield>
    <subfield code="i">Fin-13</subfield>
    <subfield code="l">0</subfield>
    <subfield code="o">069:281.9(084.1)/K-69</subfield>
    <subfield code="p">Fin-13</subfield>
    <subfield code="r">2017-04-25</subfield>
    <subfield code="w">2022-06-08</subfield>
    <subfield code="y">BK</subfield>
    <subfield code="z">&#x54D;&#x57A;&#x561;&#x57D;&#x561;&#x580;&#x56F;&#x57E;&#x578;&#x582;&#x574; &#x567; 30 &#x585;&#x580;</subfield>
  </datafield>
</record>
